000 01053nam a2200229 i 4500
001 153965
003 ES-MaACL
005 20240215145839.0
008 950206s1630 sp |||| | spa d
040 _aAN
_bspa
100 1 _aEspinosa de los Monteros, Pablo.
_947909
245 1 0 _aSegunda parte de la historia y grandezas de la ciudad de Sevilla ... /
_cpor el licenciado Don Pablo de Espinosa de los Monteros, presbytero.
260 _aEn Sevilla :
_ben la officina de Ivan de Cabrera ...,
_c1630.
300 _a[3], 138 h. ;
_cFol.
597 _aSign.: [parágrafo]3, A-C6, D8, E-Y6, Z4.
597 _aTexto a dos columnas con apostillas marginales.
597 _aPort. con esc. xil.
651 4 _aSevilla-
_xHistoria-
_xObras anteriores a 1800.
_99390
852 _aES-MaACL
_jR-3403
_dOlim: G-5776
_e Falto de [1] h. de prelim.
_pVol.2
_x Encuadernacion. holandesa
_zCambio de signatura. Datos tomados del fichero topográfico R
_zCotejado con la relación de obras recuperadas
_9159590
942 _2udc
999 _c153965
_d153965